000 00691nam a22002297a 4500
003 NUST
005 20210208095303.0
008 150311b xxu||||| |||| 00| 0 eng d
038 _aArshad
040 _cNUST
082 _a891.4398
_bWAS
100 _aWasif Ali Wasif
_92946
245 _aGuftagu-5
_cWasif Ali Wasif
260 _aLahore :
_bKashif Publications,
_c2000.
300 _a279 p. :
_c22 cm.
546 _aIn urdu
650 _aLiterature
_xGeneral
_935644
880 _6100-01\(3\r
_aواصف علی واصف
880 _6245-02\(3\r
_aگفتگو 5
_cواصف علی واصف
880 _6260-03\(3\r
_aلاہور:
_bکاشف پبلی کیشنز،
_c2000
942 _2ddc
_cBK
999 _c330560
_d330560